Adaptable 'AD-'s Quiz Stats

Quiz Updated Aug 20, 2016

Also try: Add a 'TH'
Challenge
Share
Tweet
Embed
Score 0/21 Timer 04:00
0 Plays Today
% Correct
ADJUST
98.2%
ADJOINING
97.9%
ADHERE
97.8%
ADRIFT
96.3%
ADAPT
96.2%
ADVERSE
96.1%
ADDING
95.8%
ADDICTION
95.2%
ADVANTAGE
94.7%
ADVISORS
94.7%
ADMIRED
90.7%
% Correct
ADRENAL
90%
ADEQUATE
89.8%
ADORES
83.1%
ADVENTUROUS
67.6%
ADVOCATIVE
62.1%
ADDUCE
61.7%
ADOPTIVE
61.6%
ADVERT
56.7%
ADMONISH
21.8%
ADAGIO
16%

You're not logged in!

Compare scores with friends on all Sporcle quizzes.
Sign Up with Email
OR
Log In

You Might Also Like...

Show Comments

Extras

Top Quizzes Today


Score Distribution

Your Account Isn't Verified!

In order to create a playlist on Sporcle, you need to verify the email address you used during registration. Go to your Sporcle Settings to finish the process.